Poetry explication; (Record no. 23859)

000 -LEADER
fixed length control field 01117cam a22002891 4500
001 - CONTROL NUMBER
control field 6565665
003 - CONTROL NUMBER IDENTIFIER
control field OSt
005 - DATE AND TIME OF LATEST TRANSACTION
control field 20170127111041.0
008 - FIXED-LENGTH DATA ELEMENTS--GENERAL INFORMATION
fixed length control field 750325s1962 cou b 000 0 eng
010 ## - LIBRARY OF CONGRESS CONTROL NUMBER
LC control number 62012525
035 ## - SYSTEM CONTROL NUMBER
System control number (OCoLC)1234790
040 ## - CATALOGING SOURCE
Original cataloging agency DLC
Transcribing agency ODaWU
Modifying agency OCoLC
-- ODaWU
-- OCoLC
-- PPiAC
-- DLC
042 ## - AUTHENTICATION CODE
Authentication code premarc
050 00 - LIBRARY OF CONGRESS CALL NUMBER
Classification number Z2014.P7
Item number K8
082 ## - DEWEY DECIMAL CLASSIFICATION NUMBER
Classification number 016.82109
100 1# - MAIN ENTRY--PERSONAL NAME
Personal name Kuntz, Joseph Marshall,
Dates associated with a name 1911-
245 10 - TITLE STATEMENT
Title Poetry explication;
Remainder of title a checklist of interpretation since 1925 of British and American poems past and present,
Statement of responsibility, etc. by Joseph M. Kuntz.
250 ## - EDITION STATEMENT
Edition statement Rev. ed.
260 ## - PUBLICATION, DISTRIBUTION, ETC. (IMPRINT)
Place of publication, distribution, etc. Denver,
Name of publisher, distributor, etc. A. Swallow,
Date of publication, distribution, etc. 1950.
300 ## - PHYSICAL DESCRIPTION
Extent 331 p.
Dimensions 23 cm.
500 ## - GENERAL NOTE
General note Revision of Poetry explication, by George Arms and Joseph M. Kuntz, published in 1950.
650 #0 - SUBJECT ADDED ENTRY--TOPICAL TERM
Topical term or geographic name as entry element English poetry
General subdivision History and criticism
Form subdivision Bibliography.
650 #0 - SUBJECT ADDED ENTRY--TOPICAL TERM
Topical term or geographic name as entry element American poetry
General subdivision History and criticism
Form subdivision Bibliography.
700 1# - ADDED ENTRY--PERSONAL NAME
Personal name Arms, George Warren,
Dates associated with a name 1912-
Title of a work Poetry explication.
906 ## - LOCAL DATA ELEMENT F, LDF (RLIN)
a 7
b cbc
c oclcrpl
d u
e ncip
f 19
g y-gencatlg
942 ## - ADDED ENTRY ELEMENTS (KOHA)
Source of classification or shelving scheme
Koha item type Hard Covered Materials
Classification part PR 502 .K86 1950
Holdings
Withdrawn status Lost status Source of classification or shelving scheme Damaged status Not for loan Home library Current library Shelving location Date acquired Source of acquisition Total Checkouts Full call number Barcode Date last seen Price effective from Koha item type
          MACHAKOS UNIVERSITY LIBRARY MACHAKOS UNIVERSITY LIBRARY Technical section 27/01/2017 Donation (BFA)   PR 502 .K86 1950 32656 10/07/2018 27/01/2017 Hard Covered Materials
© Machakos University Library, Along The Highway, Machakos Wote Rd, Machakos, Kenya P.O. Box 136 - 90100 Machakos - Kenya

Tel: ( +254 ) 723 805829 OR Fax : 044-20353 OR Email: library@mksu.ac.ke